000 00986nam a2200289 a 4500
001 44642
003 BD-RjUL
005 20250716123201.0
008 160718s1925 nyu 000 0 eng
035 _a(BD-RjUL) 44642
040 _aDLC
_cVZK
_dOCL
_dMYG
_dBD-RjUL
_beng
041 _aeng
082 _223
_a109
_bWEH 1925
100 1 _aWeber, Alfred,
_d1835-1914.
_9136941
245 1 0 _aHistory of philosophy /
_cby Alfred Weber, translated by Frank Thilly ... with philosophy since 1860, by Ralph Barton Perry.
250 _aRev. ed.
260 _aNew York :
_aChicago [etc.] :
_bC. Scribner's sons,
_c[c1925]
300 _axiii, 604 p. ;
_c20 cm.
500 _aLettered on cover: Revised edition.
500 _a"Brief bibliography for the student": p. 4-5.
650 0 _aPhilosophy
_xHistory.
_9136942
700 1 _aPerry, Ralph Barton,
_d1876-1957.
_914632
700 1 _aThilly, Frank,
_d1865-1934.
_914633
942 _2ddc
_cBK
946 _at
949 _ac
_p39080021867376
999 _c44642
_d44642